Sports Quiz

Random Sports or MLB Quiz

2012 In Sports (US) Quiz Stats

 Plays Quiz not verified by Sporcle

Score 0/44 Timer 08:00
0 Plays Today
% Correct
Baltimore Ravens
93.9%
San Francisco 49ers
93%
San Francisco Giants
91.4%
Miami Heat
91.3%
Joe Flacco
90.8%
LeBron James
88.4%
LeBron James
88.4%
Adrian Peterson
86.3%
Adrian Peterson
86.3%
Oklahoma City Thunder
85%
Broncos and Falcons (13 - 3)
81.1%
Detroit Tigers
77.2%
Bulls and Spurs (50 - 16)
77.2%
Drew Brees
76.9%
Kevin Durant
76.8%
Chiefs and Jaguars (2 - 14)
75.6%
Robert Griffin III
75.4%
Calvin Johnson
74.6%
Los Angeles Kings
70.9%
Miguel Cabrera
66.7%
Miguel Cabrera
66.7%
Charlotte Bobcats (7 - 59)
60.4%
% Correct
Mike Trout
55.6%
Buster Posey
52.7%
Buster Posey
52.7%
Kyrie Irving
52%
New Jersey Devils
47.2%
Washington Nationals (98 - 64)
47%
Pablo Sandoval
46.9%
Houston Astros (55 - 107)
46.7%
James Harden
43.5%
Bryce Harper
39.9%
R.A. Dickey
37.9%
Tyson Chandler
37.5%
Jonathan Quick
36.4%
Vancouver Canucks (51 - 22 - 9)
35.3%
David Price
33.4%
Evgeni Malkin
32.1%
Evgeni Malkin
32.1%
Luke Kuechly
27.3%
Columbus Blue Jackets (29 - 46 - 7)
22.8%
Henrik Lundqvist
20%
Erik Karlsson
12.5%
Gabriel Landeskog
9.3%

You're not logged in!

Compare scores with friends on all Sporcle quizzes.
OR
Log In

Show Comments

Extras

Top Quizzes Today


Score Distribution

Your Account Isn't Verified!

In order to create a playlist on Sporcle, you need to verify the email address you used during registration. Go to your Sporcle Settings to finish the process.

Report this User

Report this user for behavior that violates our Community Guidelines.

Details: